[Event "BI-2013-P-00007"]
[Site "LSS email"]
[Date "2013.04.22"]
[Round "?"]
[White "Baklanov, Valentin Petrovich"]
[Black "Dlugolecki, Grzegorz"]
[Result "1-0"]
[WhiteElo "1999"]
[BlackElo "1530"]
[PlyCount "87"]
[EventDate "2013.04.25"]
[EventType "tourn (corr)"]
[EventRounds "10"]
[EventCountry "GER"]
[SourceTitle "Telechess CBM 167"]
[Source "ChessBase"]
[SourceDate "2015.07.13"]
[SourceVersion "1"]
[SourceVersionDate "2015.07.13"]
[SourceQuality "1"]

1. e4 c6 2. d4 d5 3. e5 Bf5 4. Nf3 e6 5. Be2 c5 6. Be3 cxd4 7. Nxd4 Ne7 8. Nd2 Nbc6 9. N2f3 Bg4 10. 0-0 Bxf3 11. Nxf3 Nf5 12. Bf4 Be7 13. Bd3 0-0 14. Bxf5 exf5 15. Qd3 Qd7 16. Rfe1 Rad8 17. c3 Qe6 18. Be3 Rfe8 19. b4 a6 20. a4 h6 21. b5 axb5 22. axb5 Nxe5 23. Nxe5 Qxe5 24. Bb6 Ra8 25. Rxe5 Rxa1+ 26. Qf1 Rxf1+ 27. Kxf1 g6 28. Rxd5 Bg5 29. c4 Kf8 30. g3 Rb8 31. c5 Rc8 32. Ke2 Ke7 33. Kd3 f4 34. Kc4 fxg3 35. fxg3 Ke8 36. Re5+ Be7 37. Kd5 Kd7 38. c6+ bxc6+ 39. bxc6+ Rxc6 40. Rxe7+ Kxe7 41. Kxc6 Kf6 42. Kd6 h5 43. Bd8+ Kf5 44. Ke7 1-0

[Event "BI-2013-P-00007"]
[Site "LSS email"]
[Date "2013.04.22"]
[Round "?"]
[White "Chamberlain, Edwin"]
[Black "Baklanov, Valentin Petrovich"]
[Result "0-1"]
[WhiteElo "926"]
[BlackElo "1999"]
[PlyCount "34"]
[EventDate "2013.04.25"]
[EventType "tourn (corr)"]
[EventRounds "10"]
[EventCountry "GER"]
[SourceTitle "Telechess CBM 167"]
[Source "ChessBase"]
[SourceDate "2015.07.13"]
[SourceVersion "1"]
[SourceVersionDate "2015.07.13"]
[SourceQuality "1"]

1. d4 Nf6 2. c4 e6 3. Nc3 Bb4 4. Qc2 d5 5. cxd5 exd5 6. Bg5 h6 7. Bh4 c5 8. dxc5 g5 9. Bg3 Ne4 10. Be5 0-0 11. e3 Nc6 12. 0-0-0 Nxe5 13. Rxd5 Nxc3 14. Rxd8 Nxa2+ 15. Kb1 Rxd8 16. Kxa2 Be6+ 17. b3 Rd2 0-1

[Event "BI-2013-P-00007"]
[Site "LSS email"]
[Date "2013.04.22"]
[Round "?"]
[White "Sofia, Gerardo"]
[Black "Baklanov, Valentin Petrovich"]
[Result "0-1"]
[WhiteElo "1497"]
[BlackElo "1999"]
[PlyCount "72"]
[EventDate "2013.04.25"]
[EventType "tourn (corr)"]
[EventRounds "10"]
[EventCountry "GER"]
[SourceTitle "Telechess CBM 167"]
[Source "ChessBase"]
[SourceDate "2015.07.13"]
[SourceVersion "1"]
[SourceVersionDate "2015.07.13"]
[SourceQuality "1"]

1. e4 c5 2. Nf3 d6 3. d4 cxd4 4. Nxd4 Nf6 5. Nc3 a6 6. Bc4 e6 7. 0-0 Be7 8. Be3 0-0 9. f4 b5 10. Be2 b4 11. e5 bxc3 12. exf6 Bxf6 13. bxc3 Bb7 14. Bf3 Bxf3 15. Qxf3 Nd7 16. f5 e5 17. Ne2 e4 18. Qxe4 Re8 19. Qf4 Qe7 20. Rf3 Rac8 21. Re1 h6 22. Qa4 Ne5 23. Rh3 Rc4 24. Qxa6 Re4 25. Ng3 Nf3+ 26. gxf3 Rxe3 27. Rf1 Rxc3 28. Ne4 Rxc2 29. Qxd6 Qa7+ 30. Kh1 Be5 31. Qd5 Bf4 32. Rh4 Qe3 33. Qd1 Rec8 34. Qe1 Re2 35. Qd1 Rcc2 36. Ng3 Rf2 0-1

[Event "SM-2013-0-00251"]
[Site "LSS email"]
[Date "2013.04.16"]
[Round "?"]
[White "Baklanov, Valentin Petrovich"]
[Black "Nemec, Zdenek"]
[Result "1/2-1/2"]
[WhiteElo "1999"]
[BlackElo "2193"]
[PlyCount "100"]
[EventDate "2013.04.07"]
[EventType "tourn (corr)"]
[EventRounds "6"]
[EventCountry "GER"]
[SourceTitle "Telechess CBM 167"]
[Source "ChessBase"]
[SourceDate "2015.07.13"]
[SourceVersion "1"]
[SourceVersionDate "2015.07.13"]
[SourceQuality "1"]

1. e4 c5 2. Nf3 d6 3. d4 cxd4 4. Nxd4 Nf6 5. Nc3 g6 6. Be3 Bg7 7. f3 Nc6 8. Qd2 0-0 9. Bc4 Bd7 10. 0-0-0 Rb8 11. h4 b5 12. Ndxb5 Ne5 13. Be2 Qa5 14. Nd4 Rfc8 15. Nb3 Rxb3 16. cxb3 Qxa2 17. Qc2 Qa5 18. Kb1 Nc6 19. Qd2 Nb4 20. Rc1 Rb8 21. Bh6 Nxe4 22. fxe4 Bc6 23. Bf3 Bb5 24. Rc2 Bd3 25. Bd1 Bxh6 26. Qxh6 Rc8 27. Qd2 Rxc3 28. Qxc3 Bxc2+ 29. Bxc2 Qa2+ 30. Kc1 Qa1+ 31. Kd2 Qxh1 32. Qxb4 Qxg2+ 33. Kc3 Qg3+ 34. Kc4 Qf2 35. Bd3 h5 36. Qb8+ Kg7 37. b4 a6 38. Qb7 Qxh4 39. Qxa6 Qf2 40. b5 Qxb2 41. Qa7 Qc1+ 42. Kb3 h4 43. Qd4+ e5 44. Qxd6 Qd1+ 45. Kb4 Qd2+ 46. Kc4 Qb2 47. b6 h3 48. b7 Qxb7 49. Qxe5+ Kg8 50. Qh2 Qc6+ 1/2-1/2

[Event "SM-2013-0-00251"]
[Site "LSS email"]
[Date "2013.04.16"]
[Round "?"]
[White "Pascual Perez, Norge"]
[Black "Baklanov, Valentin Petrovich"]
[Result "1/2-1/2"]
[WhiteElo "2243"]
[BlackElo "1999"]
[PlyCount "115"]
[EventDate "2013.04.07"]
[EventType "tourn (corr)"]
[EventRounds "6"]
[EventCountry "GER"]
[SourceTitle "Telechess CBM 167"]
[Source "ChessBase"]
[SourceDate "2015.07.13"]
[SourceVersion "1"]
[SourceVersionDate "2015.07.13"]
[SourceQuality "1"]

1. d4 Nf6 2. c4 e6 3. Nf3 d5 4. g3 dxc4 5. Bg2 Nc6 6. Qa4 Bb4+ 7. Bd2 Nd5 8. Bxb4 Ndxb4 9. Nc3 Bd7 10. 0-0 a6 11. Ne5 b5 12. Qa3 Rb8 13. Nxc6 Nxc6 14. d5 b4 15. Qxa6 Ne5 16. dxe6 fxe6 17. Nd1 Rb6 18. Qa5 Rb5 19. Qa7 Bc6 20. Ne3 Bxg2 21. Kxg2 0-0 22. Rfd1 Qf6 23. f4 c3 24. bxc3 bxc3 25. fxe5 Qf2+ 26. Kh1 Rb6 27. Rf1 Qxe3 28. Rxf8+ Kxf8 29. Rf1+ Ke8 30. Qxc7 Qe4+ 31. Kg1 Rb1 32. Qc8+ Ke7 33. Qc5+ Ke8 34. Qf8+ Kd7 35. Qd6+ Kc8 36. Qc5+ Kd8 37. Qxc3 Rxf1+ 38. Kxf1 Qh1+ 39. Kf2 Qxh2+ 40. Kf3 Qh1+ 41. Ke3 Qg1+ 42. Ke4 Qb6 43. Qc2 Kd7 44. Kf4 Qf2+ 45. Kg4 Qd4+ 46. Kf3 Qd5+ 47. Kf2 Qd4+ 48. e3 Qxe5 49. Qxh7 Qf6+ 50. Kg2 Qc3 51. a4 Qxe3 52. Qxg7+ Ke8 53. Kh3 Qe1 54. Qf6 Qh1+ 55. Kg4 Qd1+ 56. Kg5 Qd5+ 57. Kh6 e5 58. Kg5 1/2-1/2

[Event "SM-2013-0-00250"]
[Site "LSS email"]
[Date "2013.04.15"]
[Round "?"]
[White "Krzyzanowski, Wojciech Marcin"]
[Black "Baklanov, Valentin Petrovich"]
[Result "1-0"]
[WhiteElo "2251"]
[BlackElo "1999"]
[PlyCount "133"]
[EventDate "2013.03.25"]
[EventType "tourn (corr)"]
[EventRounds "6"]
[EventCountry "GER"]
[SourceTitle "Telechess CBM 167"]
[Source "ChessBase"]
[SourceDate "2015.07.13"]
[SourceVersion "1"]
[SourceVersionDate "2015.07.13"]
[SourceQuality "1"]

1. d4 Nf6 2. c4 e6 3. Nf3 d5 4. Nc3 c6 5. e3 Nbd7 6. Qc2 Bd6 7. g4 Nxg4 8. Rg1 Nxh2 9. Nxh2 Bxh2 10. Rxg7 Nf8 11. Rg2 Bc7 12. e4 Ng6 13. Bg5 f6 14. Bh6 dxe4 15. 0-0-0 f5 16. Kb1 Qe7 17. Qb3 Rb8 18. Be2 a6 19. c5 b5 20. cxb6 Bxb6 21. Na4 Ba7 22. Qc3 Kf7 23. a3 Qd8 24. d5 Qf6 25. Qxf6+ Kxf6 26. dxc6 Bb6 27. Bg5+ Kf7 28. Nxb6 Rxb6 29. Rd6 f4 30. Bh5 Rb5 31. Rg4 Kg7 32. Bxg6 hxg6 33. Bxf4 Rd5 34. Rxd5 Rh1+ 35. Rd1 Rxd1+ 36. Kc2 Rd5 37. Rg5 Kf6 38. Rxd5 exd5 39. Kc3 g5 40. Bc7 Bg4 41. Kd4 Ke6 42. Be5 Bd1 43. Bg3 Ba4 44. c7 Kd7 45. Kxd5 Bc2 46. b4 Kc8 47. Kc6 Bb3 48. Kb6 Bc4 49. a4 Be2 50. Bd6 Bc4 51. b5 axb5 52. a5 b4 53. Bxb4 Bd3 54. Bd2 g4 55. Bf4 Be2 56. a6 Bc4 57. Bg3 Bd5 58. Kc5 Ba8 59. Kd6 e3 60. fxe3 Bc6 61. Be5 Bh1 62. Ke6 Ba8 63. Kf5 Bf3 64. e4 g3 65. a7 Bxe4+ 66. Kxe4 g2 67. a8Q+ 1-0

[Event "SM-2013-0-00250"]
[Site "LSS email"]
[Date "2013.04.14"]
[Round "?"]
[White "Baklanov, Valentin Petrovich"]
[Black "Noskov, Vladimir Valentinov"]
[Result "0-1"]
[WhiteElo "1999"]
[BlackElo "2264"]
[PlyCount "132"]
[EventDate "2013.03.25"]
[EventType "tourn (corr)"]
[EventRounds "6"]
[EventCountry "GER"]
[SourceTitle "Telechess CBM 167"]
[Source "ChessBase"]
[SourceDate "2015.07.13"]
[SourceVersion "1"]
[SourceVersionDate "2015.07.13"]
[SourceQuality "1"]

1. e4 c5 2. Nf3 d6 3. d4 cxd4 4. Nxd4 Nf6 5. Nc3 a6 6. Be3 e5 7. Nb3 Be6 8. f3 h5 9. Nd5 Nxd5 10. exd5 Bf5 11. Bd3 Bxd3 12. Qxd3 Nd7 13. 0-0-0 Be7 14. Kb1 Bg5 15. h3 h4 16. Bxg5 Qxg5 17. Na5 Nc5 18. Qa3 b5 19. Nc6 0-0 20. Qb4 Rfe8 21. Rhe1 g6 22. Re2 Qf4 23. Qa5 Rac8 24. b3 Kg7 25. Rde1 Rh8 26. a3 Qg5 27. Qb4 Rc7 28. Ka2 Rhc8 29. Rf2 Qf6 30. Ref1 g5 31. Rg1 Qf4 32. Kb2 Qe3 33. Rgf1 Ra8 34. Kb1 f5 35. Qa5 Rac8 36. Qb4 Nb7 37. Kb2 Ra8 38. Qe1 Qxe1 39. Rxe1 Nc5 40. Rg1 Kf6 41. Rd2 Re8 42. Re1 Nd7 43. Re3 Nf8 44. Kc1 Ne6 45. Rf2 Nf4 46. c4 Ne6 47. Rb2 Rec8 48. Nxe5 dxe5 49. dxe6 bxc4 50. b4 Kxe6 51. Rd2 a5 52. Ra2 Rb7 53. Rae2 e4 54. bxa5 Ra7 55. Kb1 Rd8 56. fxe4 f4 57. Rc3 Rd4 58. a4 Rxa5 59. Ra3 Rd3 60. Ka2 c3 61. Rc2 f3 62. gxf3 Rxf3 63. Kb3 Rxh3 64. Kb4 Ra8 65. a5 g4 66. a6 Rf3 0-1

[Event "SM-2013-0-00248"]
[Site "LSS email"]
[Date "2013.04.13"]
[Round "?"]
[White "Szabo, Mihaly"]
[Black "Baklanov, Valentin Petrovich"]
[Result "1/2-1/2"]
[WhiteElo "2196"]
[BlackElo "1999"]
[PlyCount "55"]
[EventDate "2013.03.13"]
[EventType "tourn (corr)"]
[EventRounds "6"]
[EventCountry "GER"]
[SourceTitle "Telechess CBM 167"]
[Source "ChessBase"]
[SourceDate "2015.07.13"]
[SourceVersion "1"]
[SourceVersionDate "2015.07.13"]
[SourceQuality "1"]

1. d4 Nf6 2. c4 e6 3. Nf3 d5 4. Nc3 c6 5. Bg5 Nbd7 6. cxd5 exd5 7. e3 Qa5 8. Nd2 Bd6 9. Qc2 0-0 10. Bd3 h6 11. Bh4 Re8 12. 0-0 Qc7 13. Kh1 Nh5 14. e4 Nf4 15. Rae1 Nb6 16. exd5 Rxe1 17. Rxe1 Nxd3 18. Qxd3 Nxd5 19. Re8+ Bf8 20. h3 Nxc3 21. Qxc3 b6 22. Be7 Bb7 23. Rxa8 Bxa8 24. Bxf8 Kxf8 25. Kg1 c5 26. f3 Bd5 27. b3 Kg8 28. dxc5 1/2-1/2

[Event "WC-2014-T-00003"]
[Site "LSS email"]
[Date "2012.12.29"]
[Round "?"]
[White "Schuster, Peter"]
[Black "Baklanov, Valentin Petrovich"]
[Result "1/2-1/2"]
[WhiteElo "2327"]
[BlackElo "1999"]
[PlyCount "63"]
[EventDate "2013.01.02"]
[EventType "tourn (corr)"]
[EventRounds "10"]
[EventCountry "GER"]
[SourceTitle "Telechess CBM 167"]
[Source "ChessBase"]
[SourceDate "2015.07.13"]
[SourceVersion "1"]
[SourceVersionDate "2015.07.13"]
[SourceQuality "1"]

1. Nf3 Nf6 2. c4 c5 3. Nc3 Nc6 4. g3 e5 5. Bg2 Be7 6. 0-0 0-0 7. d3 h6 8. a3 d6 9. Rb1 Rb8 10. b4 Bg4 11. Re1 Qd7 12. Qa4 a6 13. Nd5 cxb4 14. Nxe7+ Qxe7 15. axb4 Rfe8 16. Qa2 Qe6 17. Be3 e4 18. dxe4 Nxe4 19. Rec1 Nf6 20. Rb2 d5 21. c5 Bh3 22. Rd1 Bxg2 23. Kxg2 Rbd8 24. Qb1 Qc8 25. Bd4 Ne4 26. Rb3 Qg4 27. h3 Qd7 28. Qb2 f6 29. Ra3 Qf7 30. Be3 Ne5 31. Nxe5 fxe5 32. f3 1/2-1/2